000 00529nam a22001577a 4500
005 20150124125046.0
008 130913t fr||||| |||| 00| 0 spa d
050 0 4 _aB809 .8
_bA58 1975
100 1 _aAlthusser, Louis
245 1 0 _aCurso de filosofía para cientificos :
_b(introducción : filosofía y filosofia espontánea de los cientificos) /
_cLouis Althusser.
250 _a1a. ed.
260 _aParis, Francia :
_bDiez,
_c1975
300 _a158 p.;
_c22 cm.
650 7 _2Lemb
_aMaterialismo Dialectico
942 _2ddc
_cLIB
999 _c41523
_d41523